00338nam a2200121 a 4500008004100000050001200041110002500053245005300078260003900131300000800170350000900178650002900187100719s2009 ||||||||||||||||| || u aBOZ(01) aBank Of Zambia (BOZ)10aGlobal financial crisis and its impact on Zambia aLusakabBank of Zambia (BOZ)c2009 a8p. a0.00 aFINANCIAL CRISES--ZAMBIA